Normal view
MARC view
- ادارة الاعمال-التنظيم
Entry Topical Term
001 - CONTROL NUMBER
- control field: 48277
003 - CONTROL NUMBER IDENTIFIER
- control field: JO-AjAnu
005 - DATE AND TIME OF LATEST TRANSACTION
- control field: 20230606081949.0
008 - FIXED-LENGTH DATA ELEMENTS
- fixed length control field: 230606|| aca||aabn | a|a d
040 ## - CATALOGING SOURCE
- Original cataloging agency: JO-AjAnu
- Transcribing agency: JO-AjAnu
150 ## - HEADING--TOPICAL TERM
- Topical term or geographic name entry element: ادارة الاعمال-التنظيم
670 ## - SOURCE DATA FOUND
- Source citation: Work cat.: (JO-AjAnu)24698: محمد، محمد هاني ،زيد منير عبوي, author 48276, إدارة وتنظيم وتطوير الأعمال :قياس الأداء المتوازن